Computational Fluid Dynamics (Record no. 3228)
[ view plain ]
| 000 -LEADER | |
|---|---|
| fixed length control field | 02874nam a22004575i 4500 |
| 007 - PHYSICAL DESCRIPTION FIXED FIELD--GENERAL INFORMATION | |
| fixed length control field | cr nn 008mamaa |
| 008 - FIXED-LENGTH DATA ELEMENTS--GENERAL INFORMATION | |
| fixed length control field | 100301s2009 gw | s |||| 0|eng d |
| 020 ## - INTERNATIONAL STANDARD BOOK NUMBER | |
| International Standard Book Number | 9783540850564 |
| -- | 978-3-540-85056-4 |
| 040 ## - CATALOGING SOURCE | |
| Original cataloging agency | IMU Kochi Library |
| Language of cataloging | eng |
| 041 0# - LANGUAGE CODE | |
| Language code of text/sound track or separate title | eng |
| 082 04 - DEWEY DECIMAL CLASSIFICATION NUMBER | |
| Classification number | 620.1064 |
| Edition number | 23 |
| 245 10 - TITLE STATEMENT | |
| Title | Computational Fluid Dynamics |
| Medium | [electronic resource] : |
| Sub Title | An Introduction / |
| 250 ## - EDITION STATEMENT | |
| Edition statement | 3rd ed. 2009. |
| 300 ## - PHYSICAL DESCRIPTION | |
| Extent | XII, 332 p. 216 illus. |
| Other physical details | online resource. |
| 505 0# - FORMATTED CONTENTS NOTE | |
| Formatted contents note | Basic Philosophy of CFD -- Governing Equations of Fluid Dynamics -- Incompressible Inviscid Flows: Source andVortex Panel Methods -- Mathematical Properties of the Fluid Dynamic Equations -- Discretization of Partial Differential Equations -- Transformations and Grids -- Explicit Finite Difference Methods: Some Selected Applications to Inviscid and Viscous Flows -- Boundary Layer Equations and Methods of Solution -- Implicit Time-Dependent Methods for Inviscid and Viscous Compressible Flows, with a Discussion of the Concept of Numerical Dissipation -- to Finite Element Methods in Computational Fluid Dynamics -- to Finite Volume Methods in Computational Fluid Dynamics -- Aspects of CFD Computations with Commercial Packages. |
| 520 ## - SUMMARY, ETC. | |
| Summary, etc | The book provides an elementary tutorial presentation on computational fluid dynamics (CFD), emphasizing the fundamentals and surveying a variety of solution techniques whose applications range from low speed incompressible flow to hypersonic flow. It is aimed at persons who have little or no experience in this field, both recent graduates as well as professional engineers, and will provide an insight to the philosophy and power of CFD, an understanding of the mathematical nature of the fluid dynamics equations, and a familiarity with various solution techniques. For the third edition the text has been revised and updated. |
| 650 #0 - SUBJECT ADDED ENTRY--TOPICAL TERM | |
| Topical term or geographic name as entry element | Fluid mechanics. |
| 650 #0 - SUBJECT ADDED ENTRY--TOPICAL TERM | |
| Topical term or geographic name as entry element | Computational intelligence. |
| 650 #0 - SUBJECT ADDED ENTRY--TOPICAL TERM | |
| Topical term or geographic name as entry element | Engineering. |
| 650 #0 - SUBJECT ADDED ENTRY--TOPICAL TERM | |
| Topical term or geographic name as entry element | Continuum mechanics. |
| 650 #0 - SUBJECT ADDED ENTRY--TOPICAL TERM | |
| Topical term or geographic name as entry element | Mathematical physics. |
| 650 #0 - SUBJECT ADDED ENTRY--TOPICAL TERM | |
| Topical term or geographic name as entry element | Mathematics-Data processing. |
| 650 14 - SUBJECT ADDED ENTRY--TOPICAL TERM | |
| Topical term or geographic name as entry element | Engineering Fluid Dynamics. |
| 650 24 - SUBJECT ADDED ENTRY--TOPICAL TERM | |
| Topical term or geographic name as entry element | Computational Intelligence. |
| 650 24 - SUBJECT ADDED ENTRY--TOPICAL TERM | |
| Topical term or geographic name as entry element | Technology and Engineering. |
| 650 24 - SUBJECT ADDED ENTRY--TOPICAL TERM | |
| Topical term or geographic name as entry element | Continuum Mechanics. |
| 650 24 - SUBJECT ADDED ENTRY--TOPICAL TERM | |
| Topical term or geographic name as entry element | Theoretical, Mathematical and Computational Physics. |
| 650 24 - SUBJECT ADDED ENTRY--TOPICAL TERM | |
| Topical term or geographic name as entry element | Computational Mathematics and Numerical Analysis. |
| 700 1# - ADDED ENTRY--PERSONAL NAME | |
| Personal name | Wendt, John F. |
| Relator term | |
| Relator code | edt |
| -- | http://id.loc.gov/vocabulary/relators/edt |
| 852 ## - LOCATION/CALL NUMBER | |
| Location | IMU Kochi Library |
| 856 40 - ELECTRONIC LOCATION AND ACCESS | |
| Uniform Resource Identifier | <a href="https://doi.org/10.1007/978-3-540-85056-4">https://doi.org/10.1007/978-3-540-85056-4</a> |
| 904 ## - LOCAL DATA ELEMENT D, LDD (RLIN) | |
| CATALOGER | Rudra Ranjan |
| 905 ## - LOCAL DATA ELEMENT E, LDE (RLIN) | |
| VERIFIER | Rudra Ranjan |
| 942 ## - ADDED ENTRY ELEMENTS (KOHA) | |
| Item type | E-Book |
| 264 #1 - | |
| -- | Berlin, Heidelberg : |
| -- | Springer Berlin Heidelberg : |
| -- | Imprint: Springer, |
| -- | 2009. |
| 338 ## - | |
| -- | online resource |
No items available.